Querida Abuela... Tu Susi (Registro nro. 9724)

Detalles MARC
000 -CABECERA
Longitud fija campo de control 00622nam a2200217 a 4500
003 - • IDENTIFICADOR DELl NÚMERO DE CONTROL
Identificador del número de control CO-ViMGA
008 - • CÓDIGOS DE INFORMACIÓN DE LONGITUD FIJA
Códigos de información de longitud fija 141112s2004 ck r 000 u spa d
020 ## - • NÚMERO INTERNACIONAL NORMALIZADO PARA LIBROS
Número Internacional Normalizado para Libros (ISBN) 843482082X
040 ## - FUENTE DE LA CATALOGACIÓN
Centro catalogador de origen CO-ViMGA
Lengua de catalogación spa
Centro transcriptor CO-ViMGA
082 04 - • NÚMERO DE LA CLASIFICACIÓN DECIMAL DEWEY
Número de clasificación (R) I 833.91 N677q
100 1# - • PUNTO DE ACCESO PRINCIPAL-NOMBRE DE PERSONA
Nombre de persona Nostlinger, Christine
245 10 - • TITULO PROPIAMENTE DICHO
Título Querida Abuela... Tu Susi
300 ## - • DESCRIPCIÓN FÍSICA
Extensión 91 p.
490 0# - • MENCIÓN DE SERIE
Mención de serie Colección El Barco de Vapor
500 ## - • NOTA GENERAL
Nota general A partir de 7 años.
590 ## - NOTAS LOCALES
Nota local Forma de adquisición : Compra 2005 - - Precio :
-- 7.100
650 14 - • PUNTO DE ACCESO ADICIONAL DE MATERIA - TÉRMINO DE MATERIA
Término de materia o nombre geográfico como elemento inicial CUENTOS INFANTILES AUSTRIACOS
942 ## - ENTRADA DE ELEMENTOS AGREGADOS (KOHA)
Fuente de clasificaión o esquema Dewey Decimal Classification
Koha [por defecto] tipo de item LIbro
Existencias
Perdido Fuente de clasificación o esquema Estado Físico No para préstamo Forma de adquisición Localización permanente Localización actual Fecha adquisición Serie de enumeración / cronolog&íacute;a Préstamos totales Signatura completa Código de barras Fecha última consulta Número de copia Fecha del precio de reemplazo Tipo de item de Koha Localización en estanterías
  Dewey Decimal Classification     Colección General Biblioteca Pública José Eustasio Rivera - San Martin Biblioteca Pública José Eustasio Rivera - San Martin 09/25/2023     C NOS1 SM02531 09/25/2023 Ej.1 09/25/2023 Libro Infantil Sala Infantil
  Dewey Decimal Classification     Infantil Biblioteca Pública Mesetas - Franco lodo Poloxi Biblioteca Pública Mesetas - Franco lodo Poloxi 07/15/2025     C NOS1 ME01971 07/15/2025 Ej.1 07/15/2025 LIbro Sala Infantil
  Dewey Decimal Classification     Sala General Estacion de Lectura Apiay - Villavicencio Estacion de Lectura Apiay - Villavicencio 12/04/2015 Volumen. 1 | 11/jun/2009   I 833.91 N677q 18892 12/04/2015 Ej. 1 12/04/2015 LIbro  









Instituto Departamental de Cultura del Meta - Red Departamental de Bibliotecas Públicas del Meta.